Tutajok Szegedre [kép]
Elmentve itt :
| Dokumentumtípus: | Cikk |
|---|---|
| Megjelent: |
1964-08-01
|
| Sorozat: | Délmagyarország
54 No. 179 |
| Kulcsszavak: | Erdőgazdálkodás Magyarország 1964, Faszállítás Tisza 1964, erdőgazdálkodás |
| Online Access: | http://dmarchiv.bibl.u-szeged.hu/68258 |
| LEADER | 00467nab a2200145 i 4500 | ||
|---|---|---|---|
| 001 | delm68258 | ||
| 005 | 20180927153743.0 | ||
| 008 | 180927s1964 hu o 0|| hun d | ||
| 040 | |a SZTE Délmagyarország Archívum |b hun | ||
| 041 | |a hun | ||
| 245 | 0 | 0 | |a Tutajok Szegedre |h [elektronikus dokumentum] : |b [kép] |
| 260 | |c 1964-08-01 | ||
| 300 | |a 1 | ||
| 490 | 0 | |a Délmagyarország |v 54 No. 179 | |
| 695 | |a Erdőgazdálkodás Magyarország 1964, Faszállítás Tisza 1964, erdőgazdálkodás | ||